Dimensión del proceso industrializador chileno en la realidad de mujeres obreras de la provincia de Concepción 1930-1950 /

Detalles Bibliográficos
Autor principal: Inostroza Retamal, Gina
Formato: Analitica de revista
Lenguaje:español

MARC

LEADER 00000cab a2200000 a 4500
001 030183
003 UAHC_CL
005 20170803123157.0
008 041104b xx j 000 1 spa
040 |a UAHC_CL  |c UAHC_CL  |d UAHC_CL 
100 1 |a Inostroza Retamal, Gina 
245 1 0 |a Dimensión del proceso industrializador chileno en la realidad de mujeres obreras de la provincia de Concepción 1930-1950 /  |c Gina Inostroza Retamal. 
500 |a INOSTROZA RETAMAL, Gina. Dimensión del proceso industrializador chileno en la realidad de mujeres obreras de la provincia de Concepción 1930-1950, Dimensión Histórica de Chile. (13-14), 1997-1998, pp. 253-271 
500 |a INOSTROZA RETAMAL, Gina. Dimensión del proceso industrializador chileno en la realidad de mujeres obreras de la provincia de Concepción 1930-1950, Dimensión Histórica de Chile. (13-14), 1997-1998, pp. 253-271 
759 |a PP054 
773 0 |t Dimensión histórica de Chile.  |w 030155 
900 |a DIMENS. HIST. CHILE-13, 14/97, 98 
942 |c REVA 
952 |0 0  |1 0  |4 0  |6 DIMENS___HIST__CHILE13_14_000000000000000_97_98  |7 0  |8 General  |9 59033  |a BC  |b BC  |c General  |d 2017-08-03  |l 0  |o DIMENS. HIST. CHILE-13, 14/97, 98  |p FICTICIO2172  |r 2019-01-08 00:00:00  |t 1  |w 2017-08-03  |y REVA 
999 |c 30183  |d 30183